000 00503 a2200169 4500
999 _c9816
_d9816
050 _aKTL19.A35SOU 1979
100 _aDuncan Graeme, Q.C.
_eeditor
245 _aThe South African Law Reports
_b1979(2) May
_cGraeme Duccan Q.C
264 _aJohannesburg , SA :
_bJUTA and Butterworth,
_c1979
300 _a849p.
500 _aIncludes index
650 _aLaw Reports
651 _aSouth Afirca
700 _aM. Barnet
_eeditor
700 _aJ.L. Buchanan
_eeditor
942 _2lcc
_cSERIALS
_h19.A35
_iSOU
_kKTL